000 00763cam a2200229 a 4500
001 12262016
005 20180827082206.0
008 001219s2002 caua b 001 0 eng
010 _a 00054811
020 _a076742011X
040 _aDLC
_cDLC
_dDLC
041 _aeng
080 _a100
082 0 0 _a100
_221
100 1 _a24
101 _aFIL;
245 1 0 _aPhilosophy :
_cBrooke Noel Moore, Kenneth Bruder.
504 _aIncludes bibliographical references and index.
906 _a7
_bcbc
_corignew
_d1
_eocip
_f20
_gy-gencatlg
942 _2ddc
_cBK
999 _c47353
_d47353